000 00481nam a2200193Ia 4500
005 20250326141531.0
008 250326s9999 xx 000 0 und d
037 _aTextbook
040 _aFMSL
_beng
_cFMSL
041 _aeng
_2eng
084 _qFMSL
100 _aLock Dennis
245 0 _aProject management.
_cLock Dennis
250 _a4th
260 _aEngland
_bEngland, Gower publication comp.
_c1988
300 _a381p
942 _cTB
999 _c1290757
_d1290757